000 00387nam a22001697a 4500
005 20230831184618.0
008 230831b |||||||| |||| 00| 0 eng d
082 _a615
_bYOU-O
100 _aYounas.M
245 _aA TEXTBOOK OF ORGANIC CHEMISTRY
260 _aPakistan
_c2009
300 _a642
500 _aincluide index
650 _aMedical
700 _aM.Younas
999 _c33359
_d33359